=LDR 00000nam 2200000 4500 =001 INLIS000000000020524 =005 20130612115500 =008 ***********************************Ind** =035 ##$$0010-061300000020524 =041 ##$$a Ind =082 ##$$a 372.2 =090 ##$$a 372.2, Pat p =100 ##$$a Patmonodewo. Sumiarti =245 ##$$a Pendidikan anak prasekolah, oleh Dr. Soemiarti Patmonodewo =260 ##$$a 2003 $b Jakarta =300 ##$$a x, 181 hlm, 20 cm =650 ##$$a Pendidikan anak =850 ##$$a NBPNMAT =990 ##$$a 0001/BPAP-NTB/20142014 =990 ##$$a 0001/BPAP-NTB/2015